000 01631cam a22004814i 4500
003 PE-LiUPU
005 20250731173512.0
008 150616s1994 nyua rb 000 0 eng d
020 _a0385266316
035 _a(Sirsi) i9780385266314
040 _aPE-LiUPU
_bspa
_cPE-LiUPU
_erda
049 _aPRUA
082 0 4 _a220.7
_bAB1994
_221
100 1 _aBerlin, Adele,
_eautor.
245 1 0 _aZephaniah.
_n25A /
_cAdele Berlin.
264 1 _aNew York :
_bThe Anchor Bible Doubleday,
_c1994.
300 _a165 páginas :
_bIlustraciones ;
_c24 centímetros.
336 _atext
_2rdacontent
337 _aunmediated
_2rdamedia
338 _avolume
_2rdacarrier
490 0 _aThe Anchor Bible ;
_v25A
504 _aIncluye bibliografía.
505 0 _aTraditional Jewish commentaries cited.- Maps.- Translation.- Notes and comments.
526 _aSEG42
526 _aSEG41
526 _aSEG40
526 _aSEG39
526 _aP94
526 _aP87
526 _aP86
526 _aP85
526 _aP77
526 _aP76
526 _aP35
630 _aBiblia.
_pA.T.
_pSofonías
_xComentarios.
910 _ajck
_bjvq
_cjck
942 _2ddc
_cBOOK
949 _a220.7 AB 25A 1994
_wDEWEY
_c1
_i41141
_lCCODEBUL1
_mBUL
_r0
_sY
_tBOOK
_u2015-6-16
_xTEOLOGIA
_zUNKNOWN
_0COMPRA
_o.STAFF. Colección General
994 _aC0
_bPEPRU
596 _a1
999 _a220.7 AB 25A 1994
_wDEWEY
_c58950
_i41141
_d58950
_e2017-6-5
_f2021-11-9
_g5
_lCCODEBUL1
_mBUL
_n4
_p10.00
_q8
_r0
_sY
_tBOOK
_u2015-6-16
_xTEOLOGIA
_zUNKNOWN
_0COMPRA
_o.STAFF. Colección Teología
980 _81
_gALBERTO SANCHEZ Responsable de Automatización